00439nam a2200157Ia 4500008004100000020001400041082001400055100002000069245002200089250000800111260004500119300002700164500001900191600002100210650005000231240925s9999 xx 000 0 und d a133942481 a004.6 TAN aYadav, Abhishek 0aComputer Networks a3rd aNew Jersey:bPrintice- Hall Int.c,1996. axii,959p.bNAfPirated aIncludes Index aComputer Science aComputer science, information & general works